000 00309nam a22001337a 4500
008 170627b xxu||||| |||| 00| 0 eng d
020 _a9791584872114
041 _aeng
080 _a32
100 _a21
101 _aSHP
245 _aGETTING READY FOR A NUCLEAR- READY IRAN
_cSOKOLSKI, H
942 _2udc
_cBK
999 _c19148
_d19148